Score 0/47 Timer 05:00
2 Plays Today
% Correct
ANIVOGEZREH
87.6%
GRUOB
85.7%
YTIC
85.4%
YL
82.2%
MUI
82%
NED
81.4%
ECN
81.3%
NI
80.9%
KRAM
80.7%
MODGNIK
80.6%
DNAL
79.6%
AIRA
79.2%
DN
79.1%
AIK
78.8%
YRAG
78.7%
YAW
78.6%
ORGEN
78.4%
AINA
78.2%
YNAM
77.8%
AINODEC
77.5%
AINAU
77.3%
YEK
76.3%
AIN
76.3%
SUR
75.4%
% Correct
SDNAL
75.2%
OVO
75.1%
DNALRE
74.6%
DNA
73.7%
LAGU
73.1%
AIV
72.3%
DNALE
72.2%
AITA
71.3%
ECE
70.6%
AIRT
70.4%
AVOD
70.3%
NIETSNE
69.6%
ARR
68.8%
ENIA
67.7%
AINO
67.7%
AISS
66.7%
SURA
66.2%
ONIRAM
65.7%
AIB
64.2%
AIHC
62.3%
AT
61%
OCA
57.8%
AINE
57.6%
Remove Ads.
Support Sporcle.
Get the best of Sporcle when you Go Orange. This ad-free experience offers more features, more stats, and more fun while also helping to support Sporcle. Thank you for becoming a member.

You're not logged in!

Compare scores with friends on all Sporcle quizzes.
OR
Log In

Show Comments

Extras

Top Quizzes Today


Score Distribution

Your Account Isn't Verified!

In order to create a playlist on Sporcle, you need to verify the email address you used during registration. Go to your Sporcle Settings to finish the process.

Report this User

Report this user for behavior that violates our Community Guidelines.

Details: